000 00488cab a2200193 4500
001 X517
008 090401t1993 xxu||||| |||| 00| 0 eng d
035 _a(Sirsi) u66139
041 _aeng
245 _aGovernment to end statutory registration for architects
260 _c1993
350 _a0
490 _aCS Monthly
_bthe Building Surveyor
_v2(6) March 1993, 2(1)
650 _aARCHITECTS
650 _aARCUK
690 _aBUILT ENVIRONMENT
942 _n0
948 _c04/03/1997
999 _c41342
_d41342